000 00598cam a22002291 4500
001 sa 68003935
003 DLC
005 20260227112457.0
008 890510s1965 xx 000 0 tamo
010 _asa 68003935
035 _a(OCoLC)23577069
040 _aDLC
_cMiU
_dDLC
042 _apremarc
050 0 0 _aBL1135.P9
_bK7
100 1 _aKrishnamurti Ayyar, Keelasattanathapuram Rama Ayyar,
_d1903-
245 1 0 _aPaktik kataikaḷ.
260 _c[1965]
300 _a218 p.
_c18 cm.
500 _aRomanized.
630 0 0 _aPuranas
_vFiction.
650 0 _aHinduism
_vSacred books
_vFiction.
999 _c79857
_d79857